Indian Economy

محفوظ في:
التفاصيل البيبلوغرافية
التنسيق: كتاب
منشور في: Pearson India
الموضوعات:
الوسوم: إضافة وسم
لا توجد وسوم, كن أول من يضع وسما على هذه التسجيلة!

MARC

LEADER 00000nam a2200000Ia 4500
005 20260427112729.0
526 |b Economics 
020 |a 9789361595554 
650 |a Indian Economy 
526 |a Bachelors 
942 |c BK 
245 |a Indian Economy 
260 |b Pearson India 
999 |c 125  |d 125 
952 |0 0  |1 0  |4 0  |7 0  |8 1  |a BRISTOL  |b BRISTOL  |d 2026-04-22  |l 0  |p 000010  |r 2026-04-27 11:27:29  |w 2026-04-27  |y BK